| 000 | 00599cam a2200205 4500 | ||
|---|---|---|---|
| 001 | BP2002862 | ||
| 008 | t19921992mx a spa | ||
| 020 | _a9684227514 | ||
| 035 | _aBP2002862 | ||
| 100 | 1 | _aGuerra Tejeda, Manuel | |
| 245 | 1 | 0 |
_aGeometria analitica / _cManuel Guerra Tejeda, Silvia Figueroa Campos. |
| 260 |
_aMéxico : _bMcGraw-Hill, _cc1992 |
||
| 300 |
_a327 p. ; _c23 cm. |
||
| 506 | _aRec. Prop. DGB. | ||
| 504 | _aIncluye índice | ||
| 650 | 7 |
_aGeometria analitica _2Lemb |
|
| 700 | 1 | _aFigueroa Campos, Silvia, coaut. | |
| 942 |
_2lcc _LIB |
||
| 999 |
_c112258 _d112258 |
||